UBT Library

ATLAS OF SEXUALLY TRANSMITTED DISEASES ANS AIDS (Record no. 59624)

000 -LEADER
fixed length control field 00356nam a22001457a 4500
008 - FIXED-LENGTH DATA ELEMENTS--GENERAL INFORMATION
fixed length control field 230427b ||||| |||| 00| 0 eng d
020 ## - INTERNATIONAL STANDARD BOOK NUMBER
International Standard Book Number 9780723432272
041 ## - LANGUAGE CODE
Language code of text/sound track or separate title eng
080 ## - UNIVERSAL DECIMAL CLASSIFICATION NUMBER
Edition identifier THIRD EDITION
Universal Decimal Classification number 611
082 ## - DEWEY DECIMAL CLASSIFICATION NUMBER
Classification number 611MOR
100 ## - Rafti
Rafti 10
101 ## - Shkurtesa
Shkurtesa ANATO
245 ## - TITLE STATEMENT
Title ATLAS OF SEXUALLY TRANSMITTED DISEASES ANS AIDS
Statement of responsibility, etc MORSE.A.S
942 ## - ADDED ENTRY ELEMENTS (KOHA)
Source of classification or shelving scheme
Item type Books
Holdings
Withdrawn status Lost status Source of classification or shelving scheme Damaged status Not for loan Collection code Permanent location Current location Date acquired Total Checkouts Full call number Barcode Date last seen Price effective from Koha item type
          Koleksioni i përgjithshem UBT - Lipjan UBT - Lipjan 04/27/2023   611MOR 002-8000807 04/27/2023 04/27/2023 Books
UBT Library © 2015-2024. All rights reserved University Education for Business and Technology